00697cam a2200193 a 45000010009000000050017000090080041000260200037000670400013001040820025001171000018001422450126001602600053002863000058003396500034003976500033004317000018004647000021004821738723420200131103636.0120712s2013 nyua 000 0 eng  a9781616891305 (hbk : alk. paper) cPK-LaUMT00a712.09794223bHEE-L1 aHeeger, Susan10aLandprints :bthe landscape designs of Bernard Trainor /cby Susan Heeger ; photography by Jason Liske and Marion Brenner aNew York :bPrinceton Architectural Press,c2013 a192 p. :billustrations (chiefly color) ;c23 x 26 cm 0aLandscape designzCalifornia. 0aGardensxDesignzCalifornia.1 aLiske, Jason.1 aBrenner, Marion.